Hazbin Hotel - Vox Populi Lyrics - Statistics

General Stats
  • This quiz has been taken 133 times
  • The average score is 175 of 500
Answer Stats
Hint Answer % Correct
Lucifer: You're
95%
actin'
94%
attention
90%
teacher's
90%
the
90%
want
90%
you
90%
detention
89%
eternal
89%
I'm
89%
like
89%
of
89%
principal
89%
this
89%
out
88%
Well,
88%
I
83%
fun
82%
hope
82%
you had
82%
but
81%
your
81%
bell
80%
the
80%
time
80%
to ring
80%
it's
77%
son
76%
you're
70%
for
69%
screen
69%
Sinnerman
69%
too big
69%
way
69%
your
69%
getting
67%
be mean
63%
gonna
63%
it's
63%
punishment,
63%
drop
61%
the
61%
here to
60%
I'm
60%
your
60%
case
58%
in
58%
Just
57%
Now
57%
who's
57%
forgotten
55%
y'all
55%
the
53%
a
52%
am so
52%
I
52%
I am
52%
I'm
52%
spooky!
52%
The
52%
a
51%
a
51%
Cuz
51%
flame!
51%
had
51%
I'm the
51%
I'm the
51%
is scared
51%
King
51%
my
51%
name!
51%
of
51%
say
51%
serpent!
51%
shit!
51%
to
51%
are
49%
dead man!
49%
god,
49%
Hell
49%
I'm
49%
Just
49%
mortal world
49%
the
49%
Who
49%
you?
49%
all you
48%
nearly
48%
of
48%
So
48%
TV-head-man!
48%
want,
48%
and
47%
aspect
47%
infinite!
47%
living
47%
mister
47%
Vox: Wow.
47%
a
46%
a king,
46%
all
46%
by
46%
fight
46%
I
46%
It's
46%
me
46%
nail
46%
stopped
46%
to
46%
tooth
46%
When
46%
you
46%
a
45%
big
45%
do
45%
dose
45%
hat
45%
I
45%
is
45%
need
45%
need
45%
not
45%
of
45%
scary,
45%
scheme
45%
see
45%
sinners
45%
someone
45%
such
45%
super
45%
they
45%
to
45%
truth
45%
understands
45%
We
45%
we
45%
who
45%
why
45%
you
45%
A
43%
curious
43%
give
43%
mean
43%
Quick
42%
thing
42%
though,
42%
to
42%
try
42%
bringing
41%
and
40%
different
40%
dispense
40%
divine
40%
had
40%
kind
40%
Lilith
40%
of
40%
she
40%
them
40%
when
40%
be
39%
can
39%
could
39%
demands
39%
from
39%
great,
39%
great again
39%
Hell
39%
Hell
39%
knew
39%
make
39%
She
39%
the
39%
threatened
39%
we
39%
envisioned
37%
flip
37%
like
37%
New
37%
order
37%
script
37%
what
37%
a
36%
and
36%
and
36%
could
36%
if
36%
imagine
36%
Just
36%
respite
36%
the
36%
we
36%
could
35%
crewmate
35%
despot
35%
fight
35%
run
35%
ship?
35%
Take
35%
the
35%
the
35%
the
35%
The
35%
upstairs
35%
Vox Populi!
35%
way
35%
we
35%
all
34%
back
34%
choice!
34%
divided,
34%
down
34%
'em
34%
got
34%
got
34%
got
34%
how
34%
if
34%
If
34%
is
34%
make
34%
Me!
34%
not
34%
one
34%
only
34%
people's voice!
34%
prayers,
34%
protect,
34%
say
34%
stupid,
34%
that
34%
the
34%
their
34%
then
34%
they
34%
to
34%
us
34%
us
34%
want
34%
We
34%
we
34%
you're
34%
and
33%
decks
33%
fuckin'
33%
Sinners: Hail
33%
keep
33%
paint
33%
the
33%
the
33%
The
33%
they
33%
Vox Populi!
33%
you've
33%
'cause
31%
crown
31%
got
31%
guts,
31%
happen
31%
Have
31%
mainsail,
31%
means
31%
people's voice!
31%
the
31%
to
31%
We
31%
what
31%
would
31%
beg
30%
chutzpah,
30%
could
30%
destiny,
30%
escape
30%
Hoist
30%
hole
30%
if
30%
seize
30%
the
30%
the
30%
this
30%
we
30%
all
29%
angels
29%
appear,
29%
as
29%
can
29%
fear of
29%
Here's
29%
in
29%
into
29%
invest in
29%
kicker:
29%
live
29%
long
29%
Vox: Manifest
29%
may
29%
me,
29%
place!
29%
save
29%
Sinners
29%
to
29%
you
29%
fit
28%
have
28%
"King"
28%
Meanwhile,
28%
never
28%
picture
28%
their
28%
this
28%
to
28%
Try
28%
a
27%
and
27%
but
27%
by
27%
by
27%
changing
27%
days
27%
for
27%
heaven!
27%
Hell's
27%
not
27%
over
27%
populated,
27%
redemption
27%
rest'll
27%
say
27%
souls
27%
taking
27%
that's
27%
the
27%
the
27%
They
27%
too
27%
why
27%
Lucifer You mouthy
27%
cuz'
25%
exterminate
25%
got
25%
got
25%
little mortal!
25%
make
25%
noise!
25%
raise
25%
some
25%
that
25%
they
25%
We
25%
we
25%
your
25%
If
24%
Maybe
24%
new
24%
not
24%
real
24%
she's
24%
that's
24%
thinks
24%
thunder,
24%
to
24%
want
24%
why
24%
world,
24%
you
24%
all
23%
annex
23%
anymore!
23%
around
23%
estate!
23%
fists
23%
Let's
23%
Lu!
23%
numbers,
23%
see
23%
their
23%
wife
23%
all
22%
an
22%
angels
22%
be
22%
it
22%
knew
22%
know
22%
of
22%
satisfied
22%
Silence me!
22%
That's
22%
us
22%
was
22%
wrong,
22%
you
22%
You
22%
Your
22%
are
20%
didn't
20%
do!
20%
do
20%
existence
20%
Hell,
20%
how
20%
it!
20%
me,
20%
of
20%
peasants
20%
satisfied?
20%
should
20%
Smite me!
20%
Tell
20%
They
20%
to
20%
weak!
20%
with
20%
wont
20%
you
20%
You're
20%
and
19%
banish
19%
endless
19%
suffering!
19%
you,
19%
chained
18%
chains
18%
clipped
18%
comes!
18%
down here.
18%
got
18%
Vox/Sinners: Hail
18%
Vox: Here
18%
I
18%
it
18%
me!
18%
mothafuckin'
18%
no
18%
on
18%
They
18%
Vox Populi!
18%
wings
18%
you
18%
your
18%
a
17%
and
17%
Sinners: Let's
17%
people's
17%
The
17%
voice!!!
17%
Well
17%
brand new
16%
fight
16%
for
16%
me?
16%
realm!
16%
unite
16%
Who's
16%
with
16%
a winner
12%
can be
11%
Every
11%
have
11%
if we
11%
Let's
11%
our fates
11%
Pearly gates
11%
sinner
11%
take
11%
the keys
11%
to the
11%
trust
11%
Vox
11%
We can
11%
We'll
11%
are nigh
10%
as
10%
at the
10%
'cause
10%
cause to
10%
charming
10%
destinies
10%
direct
10%
Future's
10%
Happy days
10%
has
10%
Hell
10%
helm
10%
leader
10%
nation
10%
never
10%
one
10%
our
10%
rejoice
10%
tasted
10%
Thanks
10%
the vees,
10%
the vees
10%
to our
10%
under
10%
with
10%
applause
8%
Give
8%
sweeter
8%
No matching quizzes found
Score Distribution
Percent of People with Each Score
Percentile by Number Answered
Your Score History
You have not taken this quiz